[Event "Offene Bochumer StEM 2012"]
[Site "?"]
[Date "2012.10.25"]
[Round "1.1"]
[White "Quast, Marcel"]
[Black "Boost, Jürgen"]
[Result "1/2-1/2"]
[WhiteElo "2152"]
[BlackElo "1832"]
[PlyCount "60"]
[EventDate "2012.??.??"]
[WhiteTeam "SC Gerthe-Werne"]
[BlackTeam "SC Gerthe-Werne"]

1. e4 d5 2. Nc3 dxe4 3. Nxe4 Qd5 4. Nc3 Qa5 5. Bc4 c6 6. d3 Bf5 7. Nge2 e6 8.
O-O Nd7 9. Ng3 Bg6 10. Nce4 Be7 11. Bd2 Qd8 12. f4 Nh6 13. Bc3 O-O 14. a4 a5
15. Kh1 Nb6 16. Qe2 Nf5 17. Nxf5 exf5 18. Nd2 Bf6 19. Bxf6 Qxf6 20. c3 Rfe8 21.
Qf2 Nxc4 22. Nxc4 Qd8 23. d4 f6 24. Rfe1 Rxe1+ 25. Rxe1 Bf7 26. Qe2 Bd5 27. Nd2
Qd6 28. Qe3 Bf7 29. Qf2 Rd8 30. Nf1 g6 1/2-1/2

[Event "Offene Bochumer StEM 2012"]
[Site "?"]
[Date "2012.10.25"]
[Round "1.2"]
[White "Funke, Eckhard"]
[Black "Sohlmann, Jan-Henning"]
[Result "0-1"]
[WhiteElo "1850"]
[BlackElo "2147"]
[PlyCount "102"]
[EventDate "2012.??.??"]
[WhiteTeam "SG Höntrop"]
[BlackTeam "SV Welper"]

1. d4 Nf6 2. c4 g6 3. Nc3 Bg7 4. Nf3 d6 5. e3 O-O 6. Be2 Nbd7 7. O-O e5 8. dxe5
dxe5 9. e4 c6 10. Qc2 Re8 11. h3 Qc7 12. Be3 Nf8 13. c5 Ne6 14. Bc4 h6 15. Rad1
Nh5 16. Qd2 Rd8 17. Qc1 Nhf4 18. Rxd8+ Qxd8 19. Bxe6 Bxe6 20. Bxf4 exf4 21. e5
g5 22. a3 Qe7 23. b4 Bf5 24. Re1 Re8 25. Ne4 Bxe4 26. Rxe4 f6 27. e6 f5 28. Re1
Qf6 29. Qc4 Kh7 30. b5 g4 31. hxg4 fxg4 32. Qe4+ Qg6 33. Nh4 Qxe4 34. Rxe4 cxb5
35. Nf5 Kg6 36. Nd6 Re7 37. Nc8 Kf5 38. Nxe7+ Kxe4 39. Ng6 Bf6 40. e7 Bxe7 41.
Nxe7 a5 42. c6 bxc6 43. Nxc6 a4 44. Kf1 Kd5 45. Nb4+ Kc4 46. Ke2 Kb3 47. Kd3
Kxa3 48. Kc3 h5 49. Nc2+ Ka2 50. g3 fxg3 51. fxg3 a3 0-1

[Event "Offene Bochumer StEM 2012"]
[Site "?"]
[Date "2012.10.25"]
[Round "1.3"]
[White "Kiese, Matthias"]
[Black "Jedner, Volker"]
[Result "1-0"]
[WhiteElo "2125"]
[BlackElo "1800"]
[PlyCount "31"]
[EventDate "2012.??.??"]
[WhiteTeam "Bochumer SV 02"]
[BlackTeam "SG Höntrop"]

1. d4 d5 2. Nf3 c6 3. c4 e6 4. Nc3 dxc4 5. a4 Bb4 6. e3 b5 7. Bd2 Qb6 8. Ne5
Nf6 9. axb5 cxb5 10. b3 Bxc3 11. Bxc3 Nd5 12. Ba5 Qb7 13. bxc4 bxc4 14. Rb1 Qa6
15. Qa4+ Bd7 16. Rxb8+ 1-0

[Event "Offene Bochumer StEM 2012"]
[Site "?"]
[Date "2012.10.25"]
[Round "1.4"]
[White "Domnik, Roland"]
[Black "Jellinghaus, Lars"]
[Result "0-1"]
[WhiteElo "1739"]
[BlackElo "2055"]
[PlyCount "48"]
[EventDate "2012.??.??"]
[WhiteTeam "Witten-Stockum"]
[BlackTeam "SV Linden"]

1. d4 e6 2. c4 b6 3. Nc3 Bb7 4. Nf3 Nf6 5. e3 Be7 6. Bd3 O-O 7. O-O d5 8. Ne5
Nbd7 9. b3 c5 10. Nxd7 Qxd7 11. dxc5 Bxc5 12. cxd5 Nxd5 13. Be4 Rfd8 14. Nxd5
exd5 15. Bd3 d4 16. e4 Rac8 17. Bd2 Qe7 18. f3 Bb4 19. Qe2 Bc3 20. Rac1 Qa3 21.
Bxc3 dxc3 22. Rfd1 b5 23. Bxb5 Rxd1+ 24. Rxd1 c2 0-1

[Event "Offene Bochumer StEM 2012"]
[Site "?"]
[Date "2012.10.25"]
[Round "1.5"]
[White "Bastians, Felix"]
[Black "Skara, Milenko"]
[Result "1-0"]
[WhiteElo "2016"]
[BlackElo "1751"]
[PlyCount "49"]
[EventDate "2012.??.??"]
[WhiteTeam "SV Welper"]
[BlackTeam "SG Höntrop"]

1. e4 e5 2. Nf3 Nc6 3. Bb5 a6 4. Ba4 Nf6 5. O-O Be7 6. Re1 b5 7. Bb3 d6 8. c3
O-O 9. d3 Na5 10. Bc2 c5 11. Nbd2 Nc6 12. Nf1 Re8 13. h3 Bf8 14. Bg5 Be7 15.
Ne3 Kh8 16. a4 b4 17. d4 h6 18. Bh4 g5 19. Bg3 Rg8 20. dxe5 dxe5 21. Nxe5 Nxe5
22. Bxe5 Qxd1 23. Raxd1 Be6 24. Nd5 Bxd5 25. exd5 1-0

[Event "Offene Bochumer StEM 2012"]
[Site "?"]
[Date "2012.10.25"]
[Round "1.6"]
[White "Buthmann, Ralf"]
[Black "Bartel, Mario"]
[Result "0-1"]
[WhiteElo "1751"]
[BlackElo "2032"]
[PlyCount "46"]
[EventDate "2012.??.??"]
[WhiteTeam "SV KS Haltern"]
[BlackTeam "SV Wattenscheid"]

1. c4 c5 2. g3 Nc6 3. Nc3 g6 4. a3 Bg7 5. Rb1 a5 6. Bg2 d6 7. Nf3 e5 8. d3 Nge7
9. O-O O-O 10. Ne1 Be6 11. h3 Qd7 12. Nd5 Rab8 13. Kh2 b5 14. cxb5 Bxd5 15.
bxc6 Qxc6 16. b3 a4 17. Bg5 f6 18. Bd2 Rxb3 19. Rxb3 axb3 20. Bc3 Rb8 21. Qb1
f5 22. Qb2 Bxg2 23. Nxg2 Nd5 0-1

[Event "Offene Bochumer StEM 2012"]
[Site "?"]
[Date "2012.10.25"]
[Round "1.7"]
[White "Müller, Falk"]
[Black "Rath, Michael"]
[Result "1-0"]
[WhiteElo "1991"]
[BlackElo "1711"]
[PlyCount "134"]
[EventDate "2012.??.??"]
[WhiteTeam "SC Gerthe-Werne"]
[BlackTeam "SV KS Haltern"]

1. e4 e6 2. d4 b6 3. c4 Bb7 4. Bd3 Nf6 5. Qe2 Bb4+ 6. Nd2 c5 7. d5 exd5 8.
exd5+ Qe7 9. Qxe7+ Kxe7 10. Ngf3 b5 11. b3 Bc3 12. Rb1 Na6 13. a3 Rhe8 14. O-O
Nc7 15. Ng5 Bxd2 16. Bxd2 Kf8 17. Bf4 Rac8 18. Rfe1 Ba6 19. Rxe8+ Ncxe8 20.
Nxh7+ Nxh7 21. Bxh7 bxc4 22. bxc4 Bxc4 23. Bf5 Bxd5 24. Bxd7 Rd8 25. Bxe8 Kxe8
26. Be3 Be4 27. Re1 Rd5 28. Bxc5 Rxc5 29. Rxe4+ Kf8 30. g3 Rc3 31. Re3 Rc4 32.
Kg2 g6 33. Rb3 Kg7 34. Rb4 Rc3 35. Ra4 Rc7 36. Ra6 Rb7 37. h4 Rc7 38. g4 Rb7
39. g5 Rc7 40. Kg3 Rd7 41. f3 Rc7 42. Kg4 Rd7 43. f4 Rc7 44. h5 gxh5+ 45. Kxh5
Rd7 46. a4 Rc7 47. a5 Rd7 48. Kg4 Rc7 49. Kf5 Re7 50. g6 Rc7 51. gxf7 Kxf7 52.
Ke5 Ke7 53. f5 Rc5+ 54. Kf4 Rc7 55. Rh6 Rc5 56. a6 Ra5 57. Kg5 Kf8 58. Rc6 Ke8
59. Kg6 Kd7 60. Rf6 Ke8 61. Kg7 Ra1 62. Rf8+ Ke7 63. Rf7+ Ke8 64. Rxa7 Rg1+ 65.
Kf6 Ra1 66. Ra8+ Kd7 67. a7 Rh1 1-0

[Event "Offene Bochumer StEM 2012"]
[Site "?"]
[Date "2012.10.25"]
[Round "1.8"]
[White "Plückelmann, Thomas"]
[Black "Czarnik, Josef"]
[Result "1-0"]
[WhiteElo "1669"]
[BlackElo "1965"]
[PlyCount "177"]
[EventDate "2012.??.??"]
[WhiteTeam "SG Duisburg-Nord"]
[BlackTeam "SV KS Haltern"]

1. d4 d5 2. c4 c6 3. e3 Nf6 4. Nc3 e6 5. Nf3 Bd6 6. Qc2 O-O 7. Bd3 Nbd7 8. O-O
dxc4 9. Bxc4 b5 10. Be2 Bb7 11. a3 Nd5 12. Nxd5 exd5 13. Bd2 Qe7 14. Qf5 g6 15.
Qg5 f6 16. Qh6 Nb6 17. Bd3 Rfe8 18. Rfe1 Qg7 19. Qxg7+ Kxg7 20. b3 a5 21. a4 b4
22. e4 dxe4 23. Bxe4 Rac8 24. Rac1 Kf7 25. h3 Nd5 26. Bd3 Rxe1+ 27. Nxe1 Re8
28. Nf3 Ke7 29. Kf1 Kd7 30. g3 Bc7 31. h4 Re7 32. Re1 Bc8 33. Rxe7+ Kxe7 34.
Bh6 Bb6 35. Be3 Bc7 36. Bh6 Bh3+ 37. Ke1 Ke6 38. Kd2 Bb6 39. Be3 Bc7 40. Bh6
Ke7 41. Be3 Be6 42. Bc2 Nc3 43. Ng1 Bd5 44. Ne2 Ne4+ 45. Kd3 g5 46. hxg5 Nxg5
47. Kd2 Ne4+ 48. Kd3 Ng5 49. Kd2 Nf3+ 50. Kd1 Bb6 51. Kc1 h5 52. Kb2 Ne1 53.
Bg6 Bf7 54. Be4 Bd5 55. Bxd5 cxd5 56. Nf4 Kd6 57. Nxh5 Nf3 58. Nxf6 Nxd4 59.
Ng4 Bc5 60. Bxd4 Bxd4+ 61. Kc2 Ke6 62. Kd3 Bb6 63. Ne3 Bc5 64. f3 Ke5 65. Ng4+
Kf5 66. Ne3+ Ke5 67. f4+ Ke6 68. g4 Bd6 69. Kd4 Bxf4 70. Nxd5 Bg5 71. Ne3 Bf6+
72. Ke4 Bd8 73. Nc4 Kf6 74. Kd5 Kg5 75. Kc5 Kxg4 76. Kb5 Kf4 77. Nxa5 Be7 78.
Nc6 Bf8 79. Nxb4 Ke4 80. a5 Kd4 81. Nc6+ Kd5 82. a6 Bc5 83. b4 Bf2 84. a7 Bxa7
85. Nxa7 Kd6 86. Kb6 Kd7 87. Kb7 Kd6 88. b5 Kc5 89. b6 1-0

[Event "Offene Bochumer StEM 2012"]
[Site "?"]
[Date "2012.10.25"]
[Round "1.10"]
[White "Schumann, Burkhard"]
[Black "Budszuhn, Timo"]
[Result "0-1"]
[WhiteElo "1649"]
[BlackElo "1924"]
[PlyCount "75"]
[EventDate "2012.??.??"]
[WhiteTeam "SC Gerthe-Werne"]
[BlackTeam "SG Bochum 31"]

1. e4 e5 2. d4 exd4 3. c3 Nc6 4. cxd4 Bb4+ 5. Nc3 d5 {[%emt 0:00:00]} 6. exd5
Qxd5 7. Nf3 Nf6 8. Bd2 Qd6 9. a3 Ba5 10. Nb5 Bxd2+ 11. Qxd2 Qd8 12. Be2 Ne7 13.
O-O c6 14. Nc3 O-O 15. Rfe1 Bf5 16. Rad1 Ned5 17. Qg5 Bc2 18. Nxd5 Nxd5 19.
Qxd8 Raxd8 20. Rc1 Bf5 21. Bc4 Nb6 22. Bb3 Rfe8 23. Rxe8+ Rxe8 24. Re1 Rxe1+
25. Nxe1 Kf8 26. f3 Ke7 27. Kf2 Be6 28. Bxe6 Kxe6 29. Nc2 Kd5 30. b3 a5 31. Ke3
a4 32. b4 Kc4 33. Kd2 Kb3 34. Kd3 Nd5 35. g3 h6 36. f4 Nf6 37. Na1+ Kb2 38. Nc2
0-1

[Event "Offene Bochumer StEM 2012"]
[Site "?"]
[Date "2012.10.25"]
[Round "1.11"]
[White "Melmer, Felix"]
[Black "Salin, Armin"]
[Result "1-0"]
[WhiteElo "1949"]
[BlackElo "1641"]
[PlyCount "59"]
[EventDate "2012.??.??"]
[WhiteTeam "SC Gerthe-Werne"]
[BlackTeam "SV Linden"]

1. f4 Nf6 2. Nf3 e6 3. e3 d5 4. b3 Be7 5. Bb2 c5 6. Be2 Nc6 7. O-O O-O 8. Ne5
Nxe5 9. fxe5 Nd7 10. Bg4 f5 11. Be2 b6 12. d4 Bg5 13. Bc1 a6 14. c4 Bb7 15. Nc3
cxd4 16. exd4 Bxc1 17. Rxc1 dxc4 18. bxc4 Rc8 19. Bd3 Qg5 20. Rf2 Rfd8 21. Qd2
Qxd2 22. Rxd2 g5 23. Kf2 h6 24. a4 Kf7 25. g3 Nf8 26. Ne2 Rd7 27. Rb1 Ng6 28.
Rxb6 Nxe5 29. dxe5 Be4 30. Rd6 1-0

[Event "Offene Bochumer StEM 2012"]
[Site "?"]
[Date "2012.10.25"]
[Round "1.12"]
[White "Schüler, Bernd"]
[Black "Berens, Thomas"]
[Result "0-1"]
[WhiteElo "1463"]
[BlackElo "1907"]
[PlyCount "100"]
[EventDate "2012.??.??"]
[WhiteTeam "SC Gerthe-Werne"]
[BlackTeam "SC Gerthe-Werne"]

1. e4 c5 2. b4 e5 3. bxc5 Bxc5 4. Nf3 Nc6 5. Bc4 Nf6 6. O-O O-O 7. d3 d5 8.
exd5 Nxd5 9. Bxd5 Qxd5 10. Be3 Bd6 11. Nc3 Qa5 12. Ne4 Be7 13. Bg5 f6 14. Bd2
Qd5 15. h3 Be6 16. Nc3 Qd7 17. Ne4 Rac8 18. Be3 b6 19. a3 Rfd8 20. Qe2 Na5 21.
Rfc1 Rc7 22. Bd2 Nb7 23. Ne1 Nc5 24. Nxc5 Bxc5 25. Be3 Rdc8 26. Bxc5 Rxc5 27.
Qd2 Rc3 28. Rcb1 Qc6 29. a4 Rd8 30. Qe3 Qc5 31. Qxc5 Rxc5 32. Rb5 Rdc8 33. c4
Bd7 34. Rb4 Bc6 35. Nc2 Rd8 36. Ra3 Kf7 37. f3 f5 38. Kf2 Kf6 39. Ke2 g5 40.
Na1 e4 41. fxe4 fxe4 42. dxe4 Bxe4 43. Rg3 Rd4 44. Rc3 Bd5 45. Ke3 Rdxc4 46.
Rbxc4 Rxc4 47. Rxc4 Bxc4 48. Kd4 Bf1 49. g3 Bxh3 50. Nc2 Bd7 0-1

[Event "Offene Bochumer StEM 2012"]
[Site "?"]
[Date "2012.10.25"]
[Round "1.13"]
[White "Schmidt, Ralph"]
[Black "Säglitz, Patrick"]
[Result "1-0"]
[WhiteElo "1917"]
[BlackElo "1424"]
[PlyCount "59"]
[EventDate "2012.??.??"]
[WhiteTeam "SV Linden"]
[BlackTeam "SC Gerthe-Werne"]

1. e4 e5 2. Nf3 Nc6 3. Bc4 Be7 4. Nc3 Nf6 5. d3 O-O 6. a3 d6 7. h3 h6 8. Nh2
Be6 9. Nd5 Bxd5 10. exd5 Nb8 11. Ng4 Nxg4 12. hxg4 Bg5 13. Bxg5 Qxg5 14. Rh5
Qf6 15. Qd2 Qf4 16. Qe2 f5 17. Rh4 Qd4 18. c3 Qb6 19. d4 fxg4 20. O-O-O Nd7 21.
Qxg4 Rxf2 22. b4 Nf6 23. Qg3 Rf4 24. Rxf4 exf4 25. Qxf4 Re8 26. Rf1 Re4 27. Qf5
Rg4 28. Qe6+ Kh8 29. Qc8+ Kh7 30. Bd3+ 1-0

[Event "Offene Bochumer StEM 2012"]
[Site "?"]
[Date "2012.10.25"]
[Round "1.14"]
[White "Kümmel, Hans-Jürgen"]
[Black "Meise, Ulrich"]
[Result "1/2-1/2"]
[WhiteElo "1284"]
[BlackElo "1862"]
[PlyCount "107"]
[EventDate "2012.??.??"]
[WhiteTeam "SG Höntrop"]
[BlackTeam "SC Gerthe-Werne"]

1. Nf3 d5 2. d4 Nf6 3. c4 c6 4. Nc3 e6 5. Bf4 Be7 6. e3 Nbd7 7. Bd3 dxc4 8.
Bxc4 Nd5 9. Bxd5 exd5 10. h3 O-O 11. Ne5 Nxe5 12. Bxe5 b6 13. Bg3 b5 14. a3 a5
15. O-O b4 16. axb4 Bxb4 17. Re1 Re8 18. Qf3 Bxc3 19. bxc3 Re4 20. c4 g5 21.
Be5 h5 22. Qxh5 Rh4 23. Qf3 g4 24. Qf6 Qxf6 25. Bxf6 Rh5 26. hxg4 Bxg4 27. f3
Be6 28. cxd5 cxd5 29. Kf2 Kh7 30. Rh1 Rxh1 31. Rxh1+ Kg6 32. Be7 a4 33. Ra1 Bf5
34. Ra3 Bc2 35. g4 Bb3 36. Ra1 Rh8 37. Kg3 Re8 38. Bc5 Rxe3 39. Kf4 Rd3 40. Re1
Rd2 41. Re3 Rd1 42. Rc3 Bc4 43. Re3 Rb1 44. Re8 Rb3 45. Re3 Bd3 46. Re7 f6 47.
Ra7 Be2 48. Kg3 Rxf3+ 49. Kg2 Rb3 50. Rxa4 Bxg4 51. Ra3 Rb2+ 52. Kg3 Bf5 53.
Kf4 Rf2+ 54. Rf3 1/2-1/2

[Event "Offene Bochumer StEM 2012"]
[Site "?"]
[Date "2012.11.08"]
[Round "2.1"]
[White "Sohlmann, Jan-Henning"]
[Black "Müller, Falk"]
[Result "1-0"]
[WhiteElo "2147"]
[BlackElo "1991"]
[PlyCount "61"]
[EventDate "2012.??.??"]
[WhiteTeam "SV Welper"]
[BlackTeam "SC Gerthe-Werne"]

1. e4 e5 2. f4 d5 3. exd5 e4 4. d3 Nf6 5. dxe4 Nxe4 6. Nf3 c6 7. Bc4 Bc5 8. Qe2
Qe7 9. Be3 Bxe3 10. Qxe3 O-O 11. O-O b5 12. Bb3 Qc5 13. Qxc5 Nxc5 14. Nd4 Nxb3
15. axb3 cxd5 16. Nxb5 Ba6 17. Nc7 Bxf1 18. Nxa8 Nc6 19. Nc7 Be2 20. Nc3 Bg4
21. N3xd5 Be6 22. b4 Rb8 23. c3 a5 24. bxa5 Rxb2 25. a6 Na7 26. Nxe6 fxe6 27.
Nc7 Rb6 28. c4 Rb8 29. Nb5 Nc6 30. a7 Ra8 31. Ra6 1-0

[Event "Offene Bochumer StEM 2012"]
[Site "?"]
[Date "2012.11.08"]
[Round "2.2"]
[White "Budszuhn, Timo"]
[Black "Kiese, Matthias"]
[Result "0-1"]
[WhiteElo "1924"]
[BlackElo "2125"]
[PlyCount "80"]
[EventDate "2012.??.??"]
[WhiteTeam "SG Bochum 31"]
[BlackTeam "Bochumer SV 02"]

1. e4 c5 2. Nf3 d6 3. d4 cxd4 4. Nxd4 Nf6 5. Nc3 a6 6. Be2 e5 7. Nb3 Be7 8. O-O
O-O 9. f4 b5 10. a3 Bb7 11. Bf3 Nbd7 12. g4 Rc8 13. Qe2 exf4 14. Bxf4 Ne5 15.
Rad1 Nc4 16. Bc1 Re8 17. Qf2 Nd7 18. Nd4 Bh4 19. Qg2 Bg5 20. Bxg5 Qxg5 21. Nf5
Nxb2 22. Rxd6 Rxc3 23. Rxd7 Bc6 24. h4 Qf6 25. g5 Qe5 26. Rd2 Nc4 27. Rd3 Qc5+
28. Kh1 Ne5 29. Rxc3 Qxc3 30. Ng3 Rd8 31. h5 Rd2 32. Ne2 Qe3 33. Qh3 Bd7 34.
Qg3 Qc5 35. h6 Qd6 36. hxg7 Kxg7 37. Bh5 Ng6 38. Qxd6 Rxd6 39. Bxg6 hxg6 40.
Nf4 Bc6 0-1

[Event "Offene Bochumer StEM 2012"]
[Site "?"]
[Date "2012.11.08"]
[Round "2.3"]
[White "Jellinghaus, Lars"]
[Black "Melmer, Felix"]
[Result "0-1"]
[WhiteElo "2055"]
[BlackElo "1949"]
[PlyCount "48"]
[EventDate "2012.??.??"]
[WhiteTeam "SV Linden"]
[BlackTeam "SC Gerthe-Werne"]

1. d4 f5 2. Nf3 Nf6 3. c4 e6 4. g3 b6 5. Bg2 Bb7 6. O-O Be7 7. Nc3 O-O 8. d5
exd5 9. cxd5 Ne8 10. Nd4 Nd6 11. b3 a5 12. Bb2 Na6 13. Rc1 Bg5 14. f4 Bf6 15.
Ba3 Nb4 16. Qd2 Re8 17. Rfe1 Qe7 18. Ncb5 Nxb5 19. Nxb5 Qe3+ 20. Qxe3 Rxe3 21.
Nxc7 Nxa2 22. Nxa8 Nxc1 23. Rxc1 Rxb3 24. Bd6 Bd4+ 0-1

[Event "Offene Bochumer StEM 2012"]
[Site "?"]
[Date "2012.11.08"]
[Round "2.4"]
[White "Bartel, Mario"]
[Black "Schmidt, Ralph"]
[Result "1-0"]
[WhiteElo "2032"]
[BlackElo "1917"]
[PlyCount "62"]
[EventDate "2012.??.??"]
[WhiteTeam "SV Wattenscheid"]
[BlackTeam "SV Linden"]

1. e4 e5 2. Nf3 Nc6 3. Bb5 d6 4. d4 Bd7 5. O-O Nf6 6. Bg5 exd4 7. Nxd4 Ne5 8.
Nc3 a6 9. Bxd7+ Nexd7 10. Nd5 Be7 11. Nf5 h6 12. Nxg7+ Kf8 13. Bxf6 Nxf6 14.
Nf5 Nxd5 15. Qxd5 Rb8 16. Rad1 Bf6 17. c3 b5 18. Rd3 b4 19. Rfd1 Qc8 20. Qc4
bxc3 21. bxc3 h5 22. h4 Qe8 23. Qxc7 Be5 24. Nxd6 Bxd6 25. Qxd6+ Kg7 26. Rg3+
Kh7 27. Rd5 Rb5 28. Qf6 Rg8 29. Rxg8 Qxg8 30. Rd7 Qg4 31. Qxf7+ Kh6 1-0

[Event "Offene Bochumer StEM 2012"]
[Site "?"]
[Date "2012.11.08"]
[Round "2.5"]
[White "Berens, Thomas"]
[Black "Bastians, Felix"]
[Result "0-1"]
[WhiteElo "1907"]
[BlackElo "2016"]
[PlyCount "42"]
[EventDate "2012.??.??"]
[WhiteTeam "SC Gerthe-Werne"]
[BlackTeam "SV Welper"]

1. d4 Nf6 2. c4 g6 3. Nc3 d5 4. cxd5 Nxd5 5. Nf3 Bg7 6. e4 Nxc3 7. bxc3 O-O 8.
Be2 c5 9. Be3 Nc6 10. Rc1 cxd4 11. cxd4 Qa5+ 12. Qd2 Qxd2+ 13. Kxd2 Rd8 14. Rc4
Bg4 15. d5 e6 16. Rc5 exd5 17. exd5 Nb4 18. Bc4 Be6 19. Nd4 Bxd5 20. a3 Bf8 21.
Rc7 Bd6 0-1

[Event "Offene Bochumer StEM 2012"]
[Site "?"]
[Date "2012.11.08"]
[Round "2.6"]
[White "Lang, Daniel"]
[Black "Plückelmann, Thomas"]
[Result "1-0"]
[WhiteElo "1996"]
[BlackElo "1669"]
[PlyCount "71"]
[EventDate "2012.??.??"]
[WhiteTeam "SV Wattenscheid"]
[BlackTeam "SG Duisburg-Nord"]

1. d4 d5 2. c4 e6 3. Nc3 Nf6 4. cxd5 exd5 5. Bg5 Be7 6. e3 c6 7. Bd3 h6 8. Bf4
Bd6 9. Nf3 Bxf4 10. exf4 Bg4 11. Qe2+ Qe7 12. Qxe7+ Kxe7 13. Ne5 Bh5 14. h3
Nfd7 15. g4 Nxe5 16. dxe5 Bg6 17. f5 Bh7 18. O-O-O Nd7 19. Rhe1 Nc5 20. Bc2
Rae8 21. f4 Kd7 22. h4 g6 23. f6 Ne6 24. Ne2 Nc7 25. Nd4 Ne6 26. f5 Nxd4 27.
Rxd4 gxf5 28. gxf5 Rhg8 29. e6+ Kd6 30. Rdd1 Ref8 31. exf7 Rxf7 32. Re6+ Kc5
33. Re7 Rgf8 34. Rg1 Rxe7 35. fxe7 Re8 36. f6 1-0

[Event "Offene Bochumer StEM 2012"]
[Site "?"]
[Date "2012.11.08"]
[Round "2.8"]
[White "Meise, Ulrich"]
[Black "Quast, Marcel"]
[Result "0-1"]
[WhiteElo "1862"]
[BlackElo "2152"]
[PlyCount "82"]
[EventDate "2012.??.??"]
[WhiteTeam "SC Gerthe-Werne"]
[BlackTeam "SC Gerthe-Werne"]

1. e4 e5 2. Nf3 d6 3. d4 exd4 4. Qxd4 Nf6 5. Nc3 Be7 6. Bg5 O-O 7. Be2 Nc6 8.
Qd1 h6 9. Bh4 Nxe4 10. Bxe7 Qxe7 11. Nd5 Qd8 12. O-O Nf6 13. Re1 a6 14. c3 Re8
15. Ne3 Ng4 16. Nxg4 Bxg4 17. Qa4 Bd7 18. Qf4 Ne5 19. Nxe5 dxe5 20. Qe3 Bc6 21.
Bf3 e4 22. Bd1 f5 23. Bb3+ Kh7 24. Rad1 Qf6 25. Bd5 Rad8 26. Bxc6 Qxc6 27. Rd4
Rd5 28. Qf4 Qd6 29. Qxd6 Rxd6 30. Rxd6 cxd6 31. Rd1 Rd8 32. c4 Kg6 33. c5 d5
34. Rd4 Kf6 35. Rb4 Rc8 36. Rxb7 Rxc5 37. Rb6+ Ke5 38. Kf1 Rb5 39. Rxa6 Rxb2
40. g3 d4 41. a4 d3 0-1

[Event "Offene Bochumer StEM 2012"]
[Site "?"]
[Date "2012.11.08"]
[Round "2.9"]
[White "Boost, Jürgen"]
[Black "Kümmel, Hans-Jürgen"]
[Result "1/2-1/2"]
[WhiteElo "1832"]
[BlackElo "1284"]
[PlyCount "56"]
[EventDate "2012.??.??"]
[WhiteTeam "SC Gerthe-Werne"]
[BlackTeam "SG Höntrop"]

1. e4 c5 2. Nf3 d6 3. d4 cxd4 4. Nxd4 Nf6 5. Nc3 a6 6. Be2 Nc6 7. O-O e6 8. Be3
Be7 9. f4 O-O 10. g4 Nxd4 11. Bxd4 b5 12. g5 Nd7 13. h4 Bb7 14. a3 Nc5 15. Bf3
Qc7 16. Bg2 Rad8 17. Qe2 d5 18. exd5 Bxd5 19. Nxd5 exd5 20. Qe5 Qxe5 21. Bxe5
f6 22. Bc3 fxg5 23. fxg5 Ne4 24. Bb4 Bxb4 25. axb4 Rxf1+ 26. Bxf1 Rd6 27. Bg2
Kf7 28. Rd1 Ke6 1/2-1/2

[Event "Offene Bochumer StEM 2012"]
[Site "?"]
[Date "2012.11.08"]
[Round "2.10"]
[White "Czarnik, Josef"]
[Black "Domnik, Roland"]
[Result "1-0"]
[WhiteElo "1965"]
[BlackElo "1739"]
[PlyCount "79"]
[EventDate "2012.??.??"]
[WhiteTeam "SV KS Haltern"]
[BlackTeam "TuS Witten-Stockum"]

1. d4 e6 2. e4 b6 3. Bd3 Bb7 4. f3 c5 5. c3 Nf6 6. Ne2 Be7 7. Be3 Nc6 8. O-O
cxd4 9. cxd4 Nb4 10. Nbc3 Nxd3 11. Qxd3 O-O 12. Rfc1 Rc8 13. Rc2 h6 14. Rac1
Nh7 15. Nd1 Rxc2 16. Rxc2 f5 17. e5 g5 18. Qc4 Qb8 19. Nec3 a6 20. Bf2 Rf7 21.
Ne3 b5 22. Qe2 Rg7 23. Nf1 Nf8 24. Ng3 Ng6 25. Qd2 Nh4 26. Nh5 Rg6 27. Bxh4
gxh4 28. Nf4 Bg5 29. Qe3 h5 30. Nce2 Bh6 31. Qf2 Rg5 32. Kf1 Qa8 33. Ng1 Qe8
34. Ngh3 Rg7 35. Qxh4 Bxf4 36. Nxf4 a5 37. Nxh5 Qg6 38. Nxg7 f4 39. Nf5 Qxf5
40. Qg4+ 1-0

[Event "Offene Bochumer StEM 2012"]
[Site "?"]
[Date "2012.11.08"]
[Round "2.11"]
[White "Rath, Michael"]
[Black "Winterkamp, Sascha"]
[Result "1/2-1/2"]
[WhiteElo "1711"]
[BlackElo "1962"]
[PlyCount "103"]
[EventDate "2012.??.??"]
[WhiteTeam "SV KS Haltern"]
[BlackTeam "SG Höntrop"]

1. d4 Nf6 2. Nf3 c5 3. d5 e6 4. c4 exd5 5. cxd5 d6 6. Nc3 g6 7. e4 Bg7 8. Bf4
O-O 9. Bd3 Re8 10. Qc2 a6 11. a4 Qc7 12. Nd2 Nh5 13. Bg5 h6 14. Be3 Nd7 15. f4
Ndf6 16. Nc4 Ng4 17. O-O Qe7 18. h3 Nxe3 19. Nxe3 Bd4 20. Rae1 Bd7 21. Rf3 Rac8
22. Kh1 c4 23. Nxc4 b5 24. Nxd6 Qxd6 25. e5 Nxf4 26. exd6 Rxe1+ 27. Rf1 Rxf1+
28. Bxf1 Nh5 29. g4 Ng3+ 30. Kg2 Nxf1 31. Kxf1 b4 32. Qd3 bxc3 33. bxc3 Bxc3
34. Qxa6 Bf6 35. Qb7 Rc1+ 36. Ke2 Rc2+ 37. Kd1 Bxa4 38. Qa8+ Rc8+ 39. Qxa4 Rd8
40. Qc6 Kf8 41. Kd2 Be5 42. d7 Ke7 43. Kd3 Rxd7 44. Ke4 Bd6 45. Qc1 g5 46. Kf5
Bf4 47. Qc6 Bd6 48. Qc3 Bf4 49. Qf6+ Ke8 50. Qc6 Ke7 51. h4 Rd6 52. Qc5 1/2-1/2

[Event "Offene Bochumer StEM 2012"]
[Site "?"]
[Date "2012.11.08"]
[Round "2.12"]
[White "Salin, Armin"]
[Black "Funke, Eckhard"]
[Result "0-1"]
[WhiteElo "1641"]
[BlackElo "1850"]
[PlyCount "84"]
[EventDate "2012.??.??"]
[WhiteTeam "SV Linden"]
[BlackTeam "SG Höntrop"]

1. d4 Nf6 2. c4 e5 3. dxe5 Ng4 4. Bf4 Bb4+ 5. Nd2 Nc6 6. Ngf3 Qe7 7. a3 Bxd2+
8. Qxd2 Ngxe5 9. Nxe5 Nxe5 10. e3 d6 11. Be2 O-O 12. O-O Re8 13. Rac1 b6 14.
Rc3 Bb7 15. Bg3 Rad8 16. f4 Nd7 17. Bf3 Bxf3 18. gxf3 Nf6 19. e4 Nh5 20. Rd3
Qe6 21. Rd5 Nxg3 22. hxg3 Qh3 23. Qg2 Qxg2+ 24. Kxg2 Kf8 25. Rfd1 Ke7 26. e5
dxe5 27. Rxd8 Rxd8 28. Rxd8 Kxd8 29. fxe5 Ke7 30. f4 Ke6 31. Kf3 f6 32. exf6
Kxf6 33. g4 h6 34. Ke4 g6 35. Kf3 Ke6 36. Ke4 h5 37. g5 a5 38. b4 axb4 39. axb4
c5 40. b5 h4 41. f5+ gxf5+ 42. Kf4 Kf7 0-1

[Event "Offene Bochumer StEM 2012"]
[Site "?"]
[Date "2012.11.08"]
[Round "2.13"]
[White "Jedner, Volker"]
[Black "Schumann, Burkhard"]
[Result "1/2-1/2"]
[WhiteElo "1800"]
[BlackElo "1649"]
[PlyCount "61"]
[EventDate "2012.??.??"]
[WhiteTeam "SG Höntrop"]
[BlackTeam "SC Gerthe-Werne"]

1. d4 f5 2. Nf3 Nf6 3. c4 e6 4. Nc3 d5 5. g3 Be7 6. Bg2 O-O 7. O-O c6 8. Bf4
Nbd7 9. Ng5 Nb6 10. c5 Nc4 11. b3 Na5 12. Nf3 Ne4 13. Qc2 Nxc3 14. Qxc3 b5 15.
cxb6 axb6 16. b4 Nc4 17. Ne5 Nxe5 18. Bxe5 Bb7 19. Qb2 Bd6 20. Bxd6 Qxd6 21. b5
cxb5 22. Qxb5 Ba6 23. Qb2 Bc4 24. a4 Ra5 25. Rfb1 Rb8 26. e3 Rba8 27. Qxb6 Qxb6
28. Rxb6 Rxa4 29. Rab1 Ra1 30. Bf1 Rxb1 31. Rxb1 1/2-1/2

[Event "Offene Bochumer StEM 2012"]
[Site "?"]
[Date "2012.11.08"]
[Round "2.14"]
[White "Skara, Milenko"]
[Black "Ebersbach, Hans-Joachim"]
[Result "1-0"]
[WhiteElo "1751"]
[BlackElo "1565"]
[PlyCount "69"]
[EventDate "2012.??.??"]
[WhiteTeam "SG Höntrop"]
[BlackTeam "SC Gerthe-Werne"]

1. e4 e5 2. Nf3 Nc6 3. Bb5 a6 4. Ba4 b5 5. Bb3 Nf6 6. O-O Be7 7. Re1 O-O 8. d4
d6 9. c3 Bg4 10. d5 Na7 11. h3 Bd7 12. Nbd2 c6 13. dxc6 Bxc6 14. Nh2 Rc8 15.
Ng4 Nxg4 16. hxg4 Bd7 17. Nf1 Be6 18. Ne3 Nc6 19. Nf5 a5 20. Bxe6 fxe6 21. Qb3
Qd7 22. Nxe7+ Qxe7 23. Qxb5 Qh4 24. Qe2 Rf6 25. f3 Rf7 26. Be3 h6 27. Rad1 Rd8
28. Qc4 Ne7 29. Qxe6 Kf8 30. Bf2 Qg5 31. Qb3 h5 32. Rxd6 Re8 33. gxh5 Qxh5 34.
Qd1 Qg5 35. Rd8 1-0

[Event "Offene Bochumer StEM 2012"]
[Site "?"]
[Date "2012.11.08"]
[Round "2.15"]
[White "Säglitz, Patrick"]
[Black "Buthmann, Ralf"]
[Result "0-1"]
[WhiteElo "1424"]
[BlackElo "1751"]
[PlyCount "44"]
[EventDate "2012.??.??"]
[WhiteTeam "SC Gerthe-Werne"]
[BlackTeam "SV KS Haltern"]

1. d4 Nf6 2. c4 c5 3. d5 b5 4. Qc2 g6 5. Nf3 Bg7 6. e4 O-O 7. Be2 bxc4 8. O-O
d6 9. Nbd2 Nbd7 10. Nxc4 Nb6 11. h3 Rb8 12. Bd2 Re8 13. Nxb6 axb6 14. a4 Bd7
15. Bc3 b5 16. axb5 Bxb5 17. Bxb5 Rxb5 18. Ra7 Qb8 19. Rfa1 Rb7 20. Rxb7 Qxb7
21. Qa4 Rb8 22. Qa7 Nxe4 0-1